Slova naplněna skutky

Podrobná bibliografia
Hlavní autori: Zábojníková, Marcela (Autor, Tazateľ), Kákoš, Ján, 1927-1996 (Autor)
Médium: Článok
Jazyk:slovenčina
Predmet:

MARC

LEADER 00000nab a2200000 a 4500
001 vtls009295959
003 SK-MaSNL
005 20260304194542.0
008 140617c1976 xo mr|p|||||||000 b|slo
015 |a SNBRB1976 
038 |a SNKBUCL 
040 |a SNKBUCL  |b slo  |c SNKBUCL  |e AACR2 
041 |a slo 
044 |a xo  |c SK 
080 |a 792(437.6)  |2 1997 
100 1 |a Zábojníková, Marcela  |4 aut  |4 ivr  |9 889315 
245 1 0 |a Slova naplněna skutky  |c Marcela Zábojníková 
610 2 7 |a Slovenské národné divadlo  |2 snkbucl  |9 32458 
700 1 |a Kákoš, Ján,  |d 1927-1996  |4 aut  |9 113024 
773 0 |t Tvorba  |g Č. 8 (1976), s. 1 
852 |a SNK  |b KIS3GCP 
958 |a SK 
999 |c 3074962  |d 3076892